[Event "Max Euwe Mem Gp1"]
[Site "Amsterdam NED"]
[Date "2011.11.15"]
[Round "2"]
[White "Olafsson,F"]
[Black "Cramling,P"]
[Result "1/2-1/2"]
[WhiteElo "2428"]
[BlackElo "2495"]
[EventDate "2011.11.14"]

1. Nf3 c5 2. c4 Nc6 3. Nc3 Nf6 4. e3 e6 5. d4 d5 6. a3 a6 7. dxc5 Bxc5 8.
b4 Bd6 9. Bb2 O-O 10. Qc2 Qe7 11. Be2 dxc4 12. Bxc4 Bd7 13. O-O Ne5 14. Be2
Rac8 15. Qb3 Nxf3+ 16. Bxf3 Bc6 17. Bxc6 Rxc6 18. h3 Rfc8 19. b5 Rc5 20. a4
h5 21. Rac1 1/2-1/2

[Event "Max Euwe Mem Gp1"]
[Site "Amsterdam NED"]
[Date "2011.11.18"]
[Round "4"]
[White "Cramling,P"]
[Black "Peng Zhaoqin"]
[Result "1/2-1/2"]
[WhiteElo "2495"]
[BlackElo "2379"]
[EventDate "2011.11.14"]

1. d4 d5 2. Nf3 Nf6 3. c4 dxc4 4. e3 Bg4 5. Bxc4 e6 6. h3 Bh5 7. O-O Nbd7
8. Nbd2 c5 9. dxc5 Bxc5 10. b3 O-O 11. Bb2 Qe7 12. Bd3 Rfd8 13. Qb1 Ba3 14.
Bxa3 Qxa3 15. Nc4 Qe7 16. Be2 Rac8 17. Qb2 Nd5 18. Rac1 f6 19. Nd4 Bxe2 20.
Qxe2 N7b6 21. Nxb6 Nxb6 22. Rxc8 Nxc8 23. Qc4 Kf7 24. Qc2 h6 25. Qe2 Nd6
26. Qh5+ Kf8 27. Rc1 e5 28. Nf3 Qd7 29. Nh4 Kg8 30. Rd1 Qc8 31. Qg6 Qc7 32.
Qg4 Nf7 33. Rxd8+ Nxd8 34. Nf5 Kh7 35. h4 g6 36. Ng3 h5 37. Qa4 Nc6 38. Ne4
Kg7 39. Qc4 Qd7 40. g3 b6 41. b4 Ne7 42. b5 Qd1+ 43. Kh2 Qd5 44. Qc7 Kf7
45. Nd6+ Ke6 46. Nb7 Kf7 47. Nd8+ Ke8 48. Nb7 Kf7 49. Nd8+ Ke8 50. Nb7 Kf7
51. Nd8+ 1/2-1/2

[Event "Max Euwe Mem Gp1"]
[Site "Amsterdam NED"]
[Date "2011.11.18"]
[Round "4"]
[White "Van der Sterren,P"]
[Black "Olafsson,F"]
[Result "1/2-1/2"]
[WhiteElo "2514"]
[BlackElo "2428"]
[EventDate "2011.11.14"]

1. d4 Nf6 2. c4 e6 3. Nc3 Bb4 4. e3 c5 5. Bd3 O-O 6. Nf3 d5 7. O-O b6 8. a3
Bxc3 9. bxc3 Ba6 10. Ne5 Qc8 11. cxd5 exd5 12. Bxa6 Qxa6 13. Bb2 c4 14. f3
Qb7 15. a4 Nc6 16. e4 Nxe5 17. dxe5 Nd7 18. Ba3 Rfe8 19. f4 dxe4 20. Qd4
Rac8 21. Rad1 Nc5 22. Bxc5 Rxc5 23. Rfe1 Qc6 24. Rxe4 f6 25. Qd7 fxe5 26.
f5 Qxd7 27. Rxd7 Rf8 28. Rg4 Rf7 29. Rd8+ Rf8 30. Rd7 1/2-1/2

[Event "Max Euwe Mem Gp1"]
[Site "Amsterdam NED"]
[Date "2011.11.19"]
[Round "5"]
[White "Olafsson,F"]
[Black "Peng Zhaoqin"]
[Result "1-0"]
[WhiteElo "2428"]
[BlackElo "2379"]
[EventDate "2011.11.14"]

1. Nf3 d5 2. d4 Nf6 3. c4 dxc4 4. Qa4+ Nbd7 5. Nc3 a6 6. e4 b5 7. Nxb5 Nxe4
8. Bxc4 Bb7 9. Nc3 e6 10. Ne5 Nxc3 11. bxc3 Bd6 12. O-O Bxe5 13. dxe5 O-O
14. Rd1 Nb6 15. Qc2 Qh4 16. Rd4 Qh5 17. Bd3 Rfd8 18. Be3 Qxe5 19. Bxh7+ Kf8
20. Rad1 Rxd4 21. Bxd4 Qh5 22. Bd3 Rd8 23. Bf1 Kg8 24. Re1 Rd5 25. Re3 Rg5
26. Rg3 Rxg3 27. hxg3 Qd5 28. Qe2 f6 29. Be3 Nd7 30. c4 Qe5 31. Qd2 Bc6 32.
Bf4 Qe4 33. Bxc7 Kf7 34. Bd6 Ne5 35. Bxe5 Qxe5 36. Qb4 Be4 37. c5 Bd5 38.
a3 Qa1 39. Qa4 Qc1 40. Qxa6 Qxc5 41. a4 f5 42. a5 g5 43. Qb5 Qa3 44. Qd7+
Kg6 45. Qe8+ Kg7 46. g4 fxg4 47. Qd8 Qc1 48. Qd6 Qa1 49. a6 Kg6 50. Qc5 Kf7
51. a7 Kf6 52. Qc7 Kg6 53. Qb8 Kf7 54. Qb6 Ke7 55. Qa6 Qxa6 56. Bxa6 Kd6
57. Bc4 Bc6 58. Be2 Kc7 59. Bxg4 Kb7 60. Bxe6 Kxa7 61. Kh2 Kb6 62. Kg3 Kc5
63. Bh3 Kd6 64. Kg4 Ke7 65. Kxg5 Kf7 66. f4 Kg7 67. g4 Be4 68. Bf1 Bf3 69.
f5 Bd1 70. Bc4 Kf8 71. Kf4 Kg7 72. g5 Bc2 73. Ke5 Bb1 74. Be2 Ba2 75. Bh5
Bc4 76. f6+ 1-0

[Event "Max Euwe Mem Gp1"]
[Site "Amsterdam NED"]
[Date "2011.11.20"]
[Round "6"]
[White "Cramling,P"]
[Black "Olafsson,F"]
[Result "1/2-1/2"]
[WhiteElo "2495"]
[BlackElo "2428"]
[EventDate "2011.11.14"]

1. d4 Nf6 2. Nf3 g6 3. c4 Bg7 4. Nc3 O-O 5. e4 d6 6. h3 e5 7. d5 Na6 8. Bg5
Qe8 9. Be2 Nc5 10. Nd2 a5 11. g4 h6 12. Be3 Nh7 13. Rg1 Bd7 14. h4 Qe7 15.
Nb3 Na4 16. Nxa4 Bxa4 17. Rh1 Bd7 18. c5 f5 19. cxd6 cxd6 20. Rc1 a4 21.
Nd2 Nf6 22. gxf5 gxf5 23. Rc7 Qd8 24. Qc2 b5 25. Rg1 f4 26. Ba7 Rf7 27. b4
axb3 28. Nxb3 Ne8 29. Rb7 Nf6 30. Bf3 Qc8 31. Qc7 Qxc7 32. Rxc7 Be8 33. Bb6
Rxa2 34. Rc8 Rb7 35. Rc7 Rxc7 36. Bxc7 Ra3 37. Nd2 Ra1+ 38. Bd1 Bh5 39. f3
Ne8 40. Bd8 Kf8 41. Ke2 Bf6 42. Bb6 Ra2 43. Kd3 Ra6 44. Bf2 Bd8 45. Bb3 Nc7
46. Rc1 Be8 47. Nb1 Ra8 48. Ke2 Na6 49. Nd2 Rb8 50. Bd1 Bb6 51. Bxb6 Rxb6
52. Nb3 b4 53. Ra1 Bb5+ 54. Kd2 Ke7 55. Bc2 Nc5 56. Ra7+ Rb7 57. Ra8 Nxb3+
58. Bxb3 Be8 59. Rc8 Bh5 60. Rh8 Rc7 61. Rxh6 Bxf3 62. Rh7+ Kd8 63. Rh8+
1/2-1/2

[Event "Max Euwe Mem Gp1"]
[Site "Amsterdam NED"]
[Date "2011.11.20"]
[Round "6"]
[White "Peng Zhaoqin"]
[Black "Van der Sterren,P"]
[Result "1-0"]
[WhiteElo "2379"]
[BlackElo "2514"]
[EventDate "2011.11.14"]

1. d4 Nf6 2. c4 e6 3. Nf3 b6 4. g3 Bb4+ 5. Bd2 a5 6. Bg2 Ba6 7. Ne5 Ra7 8.
O-O O-O 9. b3 d5 10. Bc3 c5 11. a3 Bxc3 12. Nxc3 Qd6 13. cxd5 exd5 14. Re1
Rc7 15. e3 Rfc8 16. Ne2 Ne4 17. Nf4 f6 18. Nc4 Bxc4 19. bxc4 Nc3 20. Qb3
cxd4 21. Nxd5 a4 22. Qb2 b5 23. Nxc7 Rxc7 24. exd4 Rxc4 25. Bf1 Rc8 26.
Bxb5 Qxd4 27. Rad1 Qg4 28. Qxc3 Rxc3 29. Rd8+ Kf7 30. Be8+ 1-0